000 00460nam a2200181Ia 4500
008 240925s9999 xx 000 0 und d
020 _a205173950
082 _a301 PAR
100 _aParrillo ,Vincent N.
245 0 _aContemporary Social Problems
250 _aNA
260 _aBoston:
_bAllyn and Bacon
_c,1996.
300 _axx,292p.
_bNA
_fOriginal
500 _aIncludes Index
600 _aSocial Sciences
650 _aSocial Sciences
942 _cBK
999 _c5430
_d5430